000 00492nam a2200205Ia 4500
999 _c11049
_d11049
003 0100
005 20190702122114.0
008 130303s9999 xx 000 0 und d
020 _a809121638
040 _cARRUPELIB
050 _aHC59.7.G77
245 _aGrowth with equity
245 _bstrategies for meeting human needs
260 _aNew York
_bPaulist Press
_c1979
300 _avii
300 _b 241p. 21cm
650 _aEconomic development
_xReligious aspects
_xCongressess
_946784
700 _aedited by Mary Jegen and Charles K.Wilber
_946785
942 0 0 _03
_2lcc
_cMONOGRAPH